Vista normal
Vista MARC
Entrada Personal Name
Número de registros utilizados en: 1
001 - CONTROL NUMBER
- control field: 17740
003 - CONTROL NUMBER IDENTIFIER
- control field: DLC
005 - DATE AND TIME OF LATEST TRANSACTION
- control field: 20251126114621.0
008 - FIXED-LENGTH DATA ELEMENTS
- fixed length control field: 220408n| azannaabn |a aaa c
010 ## - LIBRARY OF CONGRESS CONTROL NUMBER
- LC control number: no2022045243
035 ## - SYSTEM CONTROL NUMBER
- System control number: (OCoLC)oca14453902
040 ## - CATALOGING SOURCE
- Original cataloging agency: ICrlF
- Language of cataloging: spa
- Description conventions: rda
- Transcribing agency: Mx-PuUPA
- Modifying agency: Mx-PuUPA
100 1# - HEADING--PERSONAL NAME
- Personal name: Rodríguez López, Miguel,
372 ## - FIELD OF ACTIVITY
- Field of activity: Niños con trastorno por déficit de atención
- Source of term: lcsh
374 ## - OCCUPATION
- Occupation: Autor
- Source of term: lcsh
375 ## - GENDER
- Gender: hombre
- Source of term: lcdgt
377 ## - ASSOCIATED LANGUAGE
- Language code: spa
400 1# - SEE FROM TRACING--PERSONAL NAME
- Personal name: López, Miguel Rodríguez
670 ## - SOURCE DATA FOUND
- Source citation: Rodríguez López, Miguel. Cómo educar a niños con déficit de atención [ER], c2020 :
- Information found: title frame (Miguel Rodríguez López)
670 ## - SOURCE DATA FOUND
- Source citation: Amazon April 7, 2022
- Information found: (Miguel Rodríguez López has a degree in psychology in the educational area, from the National Autonomous University of Mexico (UNAM). He completed a master's degree in education with a specialty in cognitive development at the Instituto Tecnológico y de Estudios Superiores de Monterrey (ITESM). He has collaborated as a teacher at this university, as well as at various higher education institutions. He has mainly dedicated himself to the care of children with disabilities and their families, particularly children with Attention Deficit Hyperactivity Disorder and Autism Spectrum Disorder)